Juventus FC skład w sezonie 2024/2025 - Statystyki

Ogólne statystyki
  • Ten quiz został rozwiązany 168 razy
  • Średni wynik to 16 z 26
Statystyki odpowiedzi
Numer Nazwisko % Poprawnych
9 Vlahović
95%
10 Yildiz
90%
3 Bremer
89%
29 Di Gregorio
86%
1 Perin
85%
4 Gatti
77%
5 Locatelli
77%
14 Milik
77%
16 McKennie
75%
7 Conceicao
72%
19 Thuram
67%
8 Koopmeiners
66%
27 Cambiaso
61%
15 Kalulu
61%
37 Savona
59%
6 Danilo
58%
51 Mbangula
58%
22 Weah
58%
11 Gonzalez
54%
26 Luiz
52%
23 Pinsoglio
50%
32 Cabal
45%
21 Fagioli
43%
17 Adzić
40%
40 Rouhi
33%
18 Melo
8%
Nie znaleziono quizów pasujących do podanych kryteriów
Rozkład punktacji
Procent ludzi z każdym wynikiem
Percentyl według liczby udzielonych odpowiedzi
Twoja historia wyników
Nie rozwiązałeś tego quizu